Governance Procedures and Processes (Record no. 121988)

MARC details
000 -LEADER
fixed length control field 00629cam a22001455a 4500
008 - FIXED-LENGTH DATA ELEMENTS--GENERAL INFORMATION
fixed length control field 240829s2024 xxk fo 001 0 eng d
041 0# - LANGUAGE CODE
Language code of text/sound track or separate title eng
110 2# - MAIN ENTRY--CORPORATE NAME
Corporate author Royal Institution of Chartered Surveyors
245 00 - TITLE STATEMENT
Title Governance Procedures and Processes
Subtitle (made as Standing Orders) as approved by Governing Council
Medium [Electronic resource]
260 ## - PUBLICATION INFORMATION
Place of publication London,
Publisher RICS,
Date June 2024
300 ## - PHYSICAL DESCRIPTION
Physical description 12p
651 #4 - SUBJECT ADDED ENTRY--GEOGRAPHIC NAME
Geographic name International
856 41 - ONLINE RESOURCE
Uniform Resource Identifier <a href="https://www.rics.org/content/dam/ricsglobal/documents/about-rics/corporate-governance/Governance-procedures-and-processes-standing-orders_June2024.pdf">https://www.rics.org/content/dam/ricsglobal/documents/about-rics/corporate-governance/Governance-procedures-and-processes-standing-orders_June2024.pdf</a>
Public note Available on RICS.org
942 ## - ADDED ENTRY ELEMENTS (KOHA)
Suppress in OPAC Do not suppress in OPAC
Holdings
Lost status Damaged status Not for loan Home library Current library Shelving location Date acquired Total Checkouts Date last seen Price effective from Koha item type
      Virtual Virtual Online 29/08/2024   29/08/2024 29/08/2024 Online material